[Event "Goch op 22nd"]
[Site "Goch"]
[Date "2011.10.02"]
[Round "6"]
[White "Bettman, Jan"]
[Black "Ayad, Amin"]
[Result "0-1"]
[WhiteElo "1890"]
[BlackElo "2024"]
[PlyCount "62"]
[EventDate "2011.09.29"]
[EventType "swiss"]
[EventRounds "7"]
[EventCountry "GER"]
[SourceTitle "EXT 2014"]
[Source "ChessBase"]
[SourceDate "2013.11.20"]
[SourceVersion "1"]
[SourceVersionDate "2013.11.20"]
[SourceQuality "1"]

1. e4 c5 2. d4 cxd4 3. Nf3 Nc6 4. b4 a6 5. b5 axb5 6. Nxd4 Nf6 7. f3 Ra4 8. Nb3 b4 9. Bb5 Ra8 10. Qe2 e5 11. 0-0 Be7 12. Bb2 d6 13. c3 0-0 14. cxb4 Be6 15. N1d2 Nxb4 16. Nc4 Nd7 17. Rfd1 Rxa2 18. Rxa2 Nxa2 19. f4 f6 20. f5 Bf7 21. Nba5 Qc7 22. Kh1 Nb4 23. Rc1 Rc8 24. Nb3 Nc5 25. Rc3 d5 26. Nxe5 fxe5 27. f6 d4 28. Qg4 g6 29. Rxc5 Bxc5 30. Bd7 Ra8 31. Be6 Bf8 0-1

[Event "Duesseldorf Post op"]
[Site "Duesseldorf"]
[Date "2010.12.26"]
[Round "1"]
[White "Kolkin, Michail"]
[Black "Ayad, Amin"]
[Result "1-0"]
[WhiteElo "2339"]
[BlackElo "1736"]
[PlyCount "114"]
[EventDate "2010.12.26"]
[EventType "swiss"]
[EventRounds "7"]
[EventCountry "GER"]
[SourceTitle "CBM 140 Extra"]
[Source "ChessBase"]
[SourceDate "2011.03.01"]
[SourceVersion "1"]
[SourceVersionDate "2011.03.01"]
[SourceQuality "1"]

1. e4 c5 2. Nc3 Nc6 3. d3 g6 4. Be3 d6 5. g4 e5 6. Bg2 Bg7 7. h3 Be6 8. Nge2 Nge7 9. Ng3 0-0 10. Qd2 Nd4 11. Nd5 f5 12. Nxe7+ Qxe7 13. Bxd4 exd4 14. exf5 gxf5 15. gxf5 Bxf5+ 16. Qe2 Qf7 17. 0-0 Rae8 18. Qf3 Re5 19. Rae1 b6 20. Qb7 Qxb7 21. Bxb7 Bxh3 22. Rxe5 Bxe5 23. Bg2 Bxg3 24. Bxh3 Be5 25. Kg2 Rf4 26. Rh1 Kg7 27. Be6 a5 28. a4 Rf6 29. Bd5 Rh6 30. Rf1 Rh4 31. Kf3 Rf4+ 32. Ke2 h5 33. Rg1+ Rg4 34. Rh1 Kg6 35. Bc4 Kh6 36. Be6 Rg5 37. Bd7 Bf6 38. Bh3 Rg7 39. Kf3 Be5 40. Ke4 Rf7 41. Bf5 Rg7 42. f4 Bf6 43. Bh3 Rg3 44. Kf5 Rg6 45. Re1 Bh4 46. Re8 Rf6+ 47. Ke4 Bg3 48. f5 Kg5 49. Kf3 Be5 50. Ke4 Rf7 51. Rg8+ Kh6 52. Kd5 Rg7 53. Rh8+ Kg5 54. Bg2 h4 55. Be4 Bg3 56. Ke6 Be5 57. Rf8 Rh7 1-0

[Event "Rheinhausen-ch 14th"]
[Site "Duisburg Rheinhausen"]
[Date "2010.03.12"]
[Round "6"]
[White "Ayad, Amin"]
[Black "Schlereth, Detlev"]
[Result "1-0"]
[WhiteElo "1698"]
[BlackElo "1481"]
[PlyCount "27"]
[EventDate "2010.01.08"]
[EventType "swiss"]
[EventRounds "7"]
[EventCountry "GER"]
[SourceTitle "EXT 2018"]
[Source "ChessBase"]
[SourceDate "2017.10.13"]
[SourceVersion "1"]
[SourceVersionDate "2017.10.13"]
[SourceQuality "1"]

1. c4 e5 2. g3 Nf6 3. Bg2 Nc6 4. Nc3 Bb4 5. Nf3 0-0 6. 0-0 Re8 7. d3 Bxc3 8. bxc3 e4 9. Ng5 exd3 10. exd3 d5 11. cxd5 Nxd5 12. Nxf7 Nxc3 13. Nxd8 Nxd1 14. Nxc6 1-0

[Event "Rheinhausen-ch 14th"]
[Site "Duisburg Rheinhausen"]
[Date "2010.01.08"]
[Round "1"]
[White "Roeder, Christian"]
[Black "Ayad, Amin"]
[Result "0-1"]
[WhiteElo "1256"]
[BlackElo "1698"]
[PlyCount "20"]
[EventDate "2010.01.08"]
[EventType "swiss"]
[EventRounds "7"]
[EventCountry "GER"]
[SourceTitle "EXT 2018"]
[Source "ChessBase"]
[SourceDate "2017.10.13"]
[SourceVersion "1"]
[SourceVersionDate "2017.10.13"]
[SourceQuality "1"]

1. d4 Nf6 2. c4 g6 3. Nc3 d5 4. cxd5 Nxd5 5. e4 Nxc3 6. bxc3 Bg7 7. h3 c5 8. Be3 Qa5 9. Qc2 cxd4 10. Bf4 d3 0-1

[Event "Goch op 17th"]
[Site "Goch"]
[Date "2006.10.15"]
[Round "7"]
[White "Ayad, Amin"]
[Black "Stelter, Wilhelm"]
[Result "1-0"]
[WhiteElo "2060"]
[BlackElo "1741"]
[PlyCount "60"]
[EventDate "2006.10.12"]
[EventType "swiss"]
[EventRounds "7"]
[EventCountry "GER"]
[SourceTitle "EXT 2008"]
[Source "ChessBase"]
[SourceDate "2007.11.25"]
[SourceVersion "1"]
[SourceVersionDate "2007.11.25"]
[SourceQuality "1"]

1. Nf3 d5 2. g3 Nf6 3. Bg2 c6 4. d4 Bg4 5. c4 dxc4 6. Ne5 Be6 7. Nc3 Nbd7 8. f4 Nxe5 9. fxe5 Nd5 10. 0-0 Qd7 11. Ne4 Bg4 12. Nc5 Qc8 13. e6 Bxe6 14. Nxe6 Qxe6 15. e4 Nb6 16. d5 cxd5 17. exd5 Qg6 18. Be3 Rd8 19. Kh1 a6 20. Qd4 Rd6 21. Bf4 Rf6 22. Qe5 Qf5 23. Qxf5 Rxf5 24. g4 Rf6 25. g5 Rf5 26. Be4 Rxd5 27. Bc7 Rb5 28. Bxb7 Rxb2 29. Bc6+ Nd7 30. Rad1 f6 1-0

[Event "Rheinhausen op"]
[Site "Duisburg"]
[Date "2005.01.28"]
[Round "3"]
[White "Naber, Amin"]
[Black "Ayad, Amin"]
[Result "0-1"]
[WhiteElo "1572"]
[BlackElo "1762"]
[PlyCount "56"]
[EventDate "2005.01.07"]
[EventType "swiss"]
[EventRounds "7"]
[EventCountry "GER"]
[SourceTitle "EXT 2006"]
[Source "ChessBase"]
[SourceDate "2005.11.24"]
[SourceVersion "1"]
[SourceVersionDate "2005.11.24"]
[SourceQuality "1"]

1. d4 Nf6 2. Nf3 g6 3. c4 Bg7 4. Nc3 d5 5. e3 0-0 6. Bd2 c5 7. Rc1 cxd4 8. Nxd4 e5 9. Nf3 d4 10. Na4 Nc6 11. Be2 d3 12. Bf1 e4 13. Ng1 Re8 14. Bc3 Ne5 15. b3 Bd7 16. Nc5 Bc6 17. f3 exf3 18. Nxf3 Nxf3+ 19. gxf3 Rxe3+ 20. Kd2 Bxf3 21. Nxb7 Bxb7 22. Kxe3 Bxh1 23. Bxd3 Qe7+ 24. Kd2 Ne4+ 25. Kc2 Nf2 26. Qg1 Qe3 27. Qf1 Be4 28. Bxe4 Qxc3+ 0-1

[Event "Duisburg Grossenbaum op"]
[Site "Duisburg"]
[Date "2004.05.31"]
[Round "6"]
[White "Kalpakli, Alexander"]
[Black "Ayad, Amin"]
[Result "1-0"]
[WhiteElo "1779"]
[BlackElo "2079"]
[PlyCount "51"]
[EventDate "2004.05.28"]
[EventType "swiss"]
[EventRounds "7"]
[EventCountry "GER"]
[SourceTitle "EXT 2006"]
[Source "ChessBase"]
[SourceDate "2005.11.24"]
[SourceVersion "1"]
[SourceVersionDate "2005.11.24"]
[SourceQuality "1"]

1. d4 Nf6 2. Nf3 g6 3. c4 Bg7 4. Nc3 d5 5. e3 0-0 6. Be2 c5 7. 0-0 dxc4 8. h3 a6 9. a4 Bf5 10. Bxc4 Nc6 11. Qe2 cxd4 12. exd4 Rc8 13. d5 Nb4 14. Nd4 Bd7 15. Rd1 Qc7 16. Bb3 Qd6 17. Ne6 Rxc3 18. bxc3 Nbxd5 19. Nxf8 Nxc3 20. Rxd6 Nxe2+ 21. Kf1 Nxc1 22. Rxc1 Bxf8 23. Rd3 b5 24. axb5 Bxb5 25. Bc4 Bh6 26. Rc2 1-0

[Event "Duisburg Grossenbaum op"]
[Site "Duisburg"]
[Date "2004.05.29"]
[Round "2"]
[White "Schebler, Gerhard"]
[Black "Ayad, Amin"]
[Result "1-0"]
[WhiteElo "2471"]
[BlackElo "2079"]
[PlyCount "71"]
[EventDate "2004.05.28"]
[EventType "swiss"]
[EventRounds "7"]
[EventCountry "GER"]
[SourceTitle "EXT 2006"]
[Source "ChessBase"]
[SourceDate "2005.11.24"]
[SourceVersion "1"]
[SourceVersionDate "2005.11.24"]
[SourceQuality "1"]

1. e4 c5 2. Nf3 Nc6 3. Bb5 g6 4. 0-0 Bg7 5. Re1 Nf6 6. Nc3 0-0 7. e5 Ne8 8. Bxc6 dxc6 9. h3 Nc7 10. d3 h6 11. Ne4 b6 12. Be3 Be6 13. Qe2 Bd5 14. Ned2 Qd7 15. Nh2 Kh7 16. c4 Be6 17. Ndf3 Rad8 18. Rad1 Qc8 19. Bc1 Rd7 20. Qe4 Rfd8 21. Qh4 Rxd3 22. Rxd3 Rxd3 23. Ng4 Bxg4 24. hxg4 Ne6 25. Bxh6 Bxh6 26. g5 Qf8 27. gxh6 Qxh6 28. Qxe7 Qf4 29. Qxa7 g5 30. Qe7 Kg6 31. Qe8 Kg7 32. Qe7 g4 33. Qf6+ Qxf6 34. exf6+ Kxf6 35. Ne5 Rd4 36. b3 1-0

[Event "Goch op 14th"]
[Site "Goch"]
[Date "2003.??.??"]
[Round "1"]
[White "Ayad, Amin"]
[Black "Bielmeier, Ludwig"]
[Result "0-1"]
[WhiteElo "1730"]
[BlackElo "2195"]
[PlyCount "48"]
[EventDate "2003.10.02"]
[EventType "swiss"]
[EventRounds "7"]
[EventCountry "GER"]
[SourceTitle "EXT 2006"]
[Source "ChessBase"]
[SourceDate "2005.11.24"]
[SourceVersion "1"]
[SourceVersionDate "2005.11.24"]
[SourceQuality "1"]

1. c4 Nf6 2. Nc3 d6 3. d4 c6 4. e4 Nbd7 5. Nf3 e5 6. Be2 Be7 7. 0-0 0-0 8. h3 a5 9. Qc2 Qc7 10. Be3 exd4 11. Nxd4 g6 12. f4 Nc5 13. Bf3 Re8 14. b3 Bf8 15. Bf2 Bg7 16. g4 Nfd7 17. h4 Nf6 18. g5 Ng4 19. Rad1 Nxf2 20. Qxf2 Bh3 21. Rfe1 Rad8 22. Qg3 Bc8 23. Kg2 Qb6 24. Qf2 a4 0-1

[Event "Goch op 13th"]
[Site "Goch"]
[Date "2002.10.06"]
[Round "7"]
[White "Ayad, Amin"]
[Black "Mohrholz, Stefan"]
[Result "1/2-1/2"]
[WhiteElo "1688"]
[BlackElo "2043"]
[PlyCount "51"]
[EventDate "2002.10.03"]
[EventType "swiss"]
[EventRounds "7"]
[EventCountry "GER"]
[SourceTitle "EXT 2004"]
[Source "ChessBase"]
[SourceDate "2003.11.25"]
[SourceVersion "1"]
[SourceVersionDate "2003.11.25"]
[SourceQuality "1"]

1. Nf3 Nf6 2. c4 g6 3. Nc3 Bg7 4. g3 0-0 5. Bg2 c6 6. 0-0 d6 7. d4 Qc7 8. Qc2 Bg4 9. e4 e5 10. Be3 Na6 11. a3 Nd7 12. d5 f5 13. Ng5 f4 14. f3 h6 15. Ne6 Bxe6 16. dxe6 fxe3 17. exd7 Qxd7 18. Nd1 e2 19. Qxe2 Rad8 20. Ne3 Qe7 21. Bh3 Nc5 22. Rad1 Nb3 23. Nc2 Qg5 24. Bg4 h5 25. h4 Qe7 26. Bh3 1/2-1/2

[Event "Goch op 13th"]
[Site "Goch"]
[Date "2002.10.05"]
[Round "5"]
[White "Ayad, Amin"]
[Black "Rohde, Torsten"]
[Result "1-0"]
[WhiteElo "1688"]
[BlackElo "2185"]
[PlyCount "49"]
[EventDate "2002.10.03"]
[EventType "swiss"]
[EventRounds "7"]
[EventCountry "GER"]
[SourceTitle "EXT 2004"]
[Source "ChessBase"]
[SourceDate "2003.11.25"]
[SourceVersion "1"]
[SourceVersionDate "2003.11.25"]
[SourceQuality "1"]

1. Nf3 Nf6 2. c4 c5 3. Nc3 g6 4. g3 b6 5. Bg2 Bb7 6. 0-0 Bg7 7. e3 0-0 8. d4 cxd4 9. exd4 d5 10. Ne5 Ne4 11. Nxd5 Bxd5 12. cxd5 Nd6 13. Re1 Re8 14. Qg4 Na6 15. Nc6 Qc7 16. Bg5 Nf5 17. Nxe7+ Nxe7 18. d6 Qxd6 19. Bxe7 Rxe7 20. Bxa8 f5 21. Qf3 Rxe1+ 22. Rxe1 Qxd4 23. Qb3+ Kf8 24. Qe6 Qd8 25. Bd5 1-0

[Event "Kleve op"]
[Site "Kleve"]
[Date "2002.05.11"]
[Round "6"]
[White "Berendonk, Peter"]
[Black "Ayad, Amin"]
[Result "0-1"]
[WhiteElo "1726"]
[BlackElo "1663"]
[PlyCount "44"]
[EventDate "2002.05.09"]
[EventType "swiss"]
[EventRounds "7"]
[EventCountry "GER"]
[SourceTitle "EXT 2008"]
[Source "ChessBase"]
[SourceDate "2007.11.25"]
[SourceVersion "1"]
[SourceVersionDate "2007.11.25"]
[SourceQuality "1"]

1. d4 Nf6 2. c4 g6 3. Nc3 d5 4. cxd5 Nxd5 5. e4 Nxc3 6. bxc3 Bg7 7. Bc4 0-0 8. Ne2 c5 9. 0-0 Nc6 10. Be3 Bg4 11. f3 Na5 12. Bxf7+ Rxf7 13. fxg4 Rxf1+ 14. Kxf1 Qd6 15. e5 Qd5 16. h3 Nc4 17. Bg5 h6 18. Bc1 Nxe5 19. Kg1 cxd4 20. cxd4 Nc6 21. Be3 Kh7 22. Nf4 Qe4 0-1

[Event "Kleve op"]
[Site "Kleve"]
[Date "2002.05.10"]
[Round "3"]
[White "Strater, Heinz"]
[Black "Ayad, Amin"]
[Result "1-0"]
[WhiteElo "1874"]
[BlackElo "1663"]
[PlyCount "45"]
[EventDate "2002.05.09"]
[EventType "swiss"]
[EventRounds "7"]
[EventCountry "GER"]
[SourceTitle "EXT 2008"]
[Source "ChessBase"]
[SourceDate "2007.11.25"]
[SourceVersion "1"]
[SourceVersionDate "2007.11.25"]
[SourceQuality "1"]

1. e4 c5 2. Nf3 Nc6 3. d4 cxd4 4. Nxd4 Nf6 5. Nc3 g6 6. Bc4 d6 7. 0-0 Bg7 8. Be3 0-0 9. h3 a6 10. Re1 Qc7 11. Bb3 Na5 12. Qd3 b5 13. a4 Nxb3 14. cxb3 b4 15. Nd5 Nxd5 16. exd5 Bb7 17. Rac1 Qd7 18. Bg5 Rfe8 19. Nc6 Bxb2 20. Nxe7+ Kh8 21. Qf3 Bg7 22. Qxf7 Rad8 23. Bf6 1-0